<?xml version="1.0" encoding="UTF-8"?>
<record
    xmlns:xsi="http://www.w3.org/2001/XMLSchema-instance"
    xsi:schemaLocation="http://www.loc.gov/MARC21/slim http://www.loc.gov/standards/marcxml/schema/MARC21slim.xsd"
    xmlns="http://www.loc.gov/MARC21/slim">

  <leader>00532nam a22001937a 4500</leader>
  <controlfield tag="003">OSt</controlfield>
  <controlfield tag="008">260221b2025    |||||||| |||| 00| 0 eng d</controlfield>
  <datafield tag="020" ind1=" " ind2=" ">
    <subfield code="a">9789355329684</subfield>
  </datafield>
  <datafield tag="082" ind1=" " ind2=" ">
    <subfield code="a">658.4063</subfield>
    <subfield code="b">MAG-D</subfield>
  </datafield>
  <datafield tag="100" ind1=" " ind2=" ">
    <subfield code="a">Magoo, Sanjay Kumar</subfield>
  </datafield>
  <datafield tag="245" ind1=" " ind2=" ">
    <subfield code="a">Design thinking /</subfield>
    <subfield code="c">Sanjay kumar magoo and Rakesh Gupta</subfield>
  </datafield>
  <datafield tag="260" ind1=" " ind2=" ">
    <subfield code="a">Chennai :</subfield>
    <subfield code="b">McGraw Hill Education,</subfield>
    <subfield code="c">2025.</subfield>
  </datafield>
  <datafield tag="300" ind1=" " ind2=" ">
    <subfield code="a">xxii, I-5 p. ;</subfield>
  </datafield>
  <datafield tag="650" ind1=" " ind2=" ">
    <subfield code="a">Creative thinking</subfield>
  </datafield>
  <datafield tag="650" ind1=" " ind2=" ">
    <subfield code="a"> Industrial management</subfield>
  </datafield>
  <datafield tag="650" ind1=" " ind2=" ">
    <subfield code="a">Design </subfield>
  </datafield>
  <datafield tag="700" ind1=" " ind2=" ">
    <subfield code="a">Gupta, Rakesh</subfield>
  </datafield>
  <datafield tag="942" ind1=" " ind2=" ">
    <subfield code="2">ddc</subfield>
    <subfield code="c">BK</subfield>
  </datafield>
  <datafield tag="999" ind1=" " ind2=" ">
    <subfield code="c">21371</subfield>
    <subfield code="d">21371</subfield>
  </datafield>
  <datafield tag="952" ind1=" " ind2=" ">
    <subfield code="0">0</subfield>
    <subfield code="1">0</subfield>
    <subfield code="2">ddc</subfield>
    <subfield code="4">0</subfield>
    <subfield code="7">0</subfield>
    <subfield code="8">DT&amp;I</subfield>
    <subfield code="a">SOBD</subfield>
    <subfield code="b">SOBD</subfield>
    <subfield code="d">2026-02-17</subfield>
    <subfield code="e">All Inida Book House</subfield>
    <subfield code="f">INR</subfield>
    <subfield code="g">595.00</subfield>
    <subfield code="o">658.4063 MAG-D1</subfield>
    <subfield code="p">007199</subfield>
    <subfield code="r">2026-02-21</subfield>
    <subfield code="t">1</subfield>
    <subfield code="w">2026-02-17</subfield>
    <subfield code="y">REF</subfield>
    <subfield code="k">NA/IN/1928</subfield>
  </datafield>
  <datafield tag="952" ind1=" " ind2=" ">
    <subfield code="0">0</subfield>
    <subfield code="1">0</subfield>
    <subfield code="2">ddc</subfield>
    <subfield code="4">0</subfield>
    <subfield code="7">0</subfield>
    <subfield code="a">SOBD</subfield>
    <subfield code="b">SOBD</subfield>
    <subfield code="d">2026-02-17</subfield>
    <subfield code="e">All Inida Book House</subfield>
    <subfield code="f">INR</subfield>
    <subfield code="g">595.00</subfield>
    <subfield code="o">658.4063 MAG-D2</subfield>
    <subfield code="p">007200</subfield>
    <subfield code="r">2026-02-21</subfield>
    <subfield code="t">2</subfield>
    <subfield code="w">2026-02-17</subfield>
    <subfield code="y">BK</subfield>
    <subfield code="k">NA/IN/1928</subfield>
  </datafield>
  <datafield tag="952" ind1=" " ind2=" ">
    <subfield code="0">0</subfield>
    <subfield code="1">0</subfield>
    <subfield code="2">ddc</subfield>
    <subfield code="4">0</subfield>
    <subfield code="7">0</subfield>
    <subfield code="a">SOBD</subfield>
    <subfield code="b">SOBD</subfield>
    <subfield code="d">2026-02-17</subfield>
    <subfield code="e">All Inida Book House</subfield>
    <subfield code="f">INR</subfield>
    <subfield code="g">595.00</subfield>
    <subfield code="o">658.4063 MAG-D3</subfield>
    <subfield code="p">007201</subfield>
    <subfield code="r">2026-02-21</subfield>
    <subfield code="t">3</subfield>
    <subfield code="w">2026-02-17</subfield>
    <subfield code="y">BK</subfield>
    <subfield code="k">NA/IN/1928</subfield>
  </datafield>
  <datafield tag="952" ind1=" " ind2=" ">
    <subfield code="0">0</subfield>
    <subfield code="1">0</subfield>
    <subfield code="2">ddc</subfield>
    <subfield code="4">0</subfield>
    <subfield code="7">0</subfield>
    <subfield code="a">SOBD</subfield>
    <subfield code="b">SOBD</subfield>
    <subfield code="d">2026-02-17</subfield>
    <subfield code="e">All Inida Book House</subfield>
    <subfield code="f">INR</subfield>
    <subfield code="g">595.00</subfield>
    <subfield code="o">658.4063 MAG-D4</subfield>
    <subfield code="p">007202</subfield>
    <subfield code="r">2026-02-21</subfield>
    <subfield code="t">4</subfield>
    <subfield code="w">2026-02-17</subfield>
    <subfield code="y">BK</subfield>
    <subfield code="k">NA/IN/1928</subfield>
  </datafield>
  <datafield tag="952" ind1=" " ind2=" ">
    <subfield code="0">0</subfield>
    <subfield code="1">0</subfield>
    <subfield code="2">ddc</subfield>
    <subfield code="4">0</subfield>
    <subfield code="7">0</subfield>
    <subfield code="a">SOBD</subfield>
    <subfield code="b">SOBD</subfield>
    <subfield code="d">2026-02-17</subfield>
    <subfield code="e">All Inida Book House</subfield>
    <subfield code="f">INR</subfield>
    <subfield code="g">595.00</subfield>
    <subfield code="o">658.4063 MAG-D5</subfield>
    <subfield code="p">007203</subfield>
    <subfield code="r">2026-02-21</subfield>
    <subfield code="t">5</subfield>
    <subfield code="w">2026-02-17</subfield>
    <subfield code="y">BK</subfield>
    <subfield code="k">NA/IN/1928</subfield>
  </datafield>
</record>
